000 02763nac a22003491u 4500
008 100221t19792009xxu||||| |||| 00| 0 eng d
020 _a0137144393 (pbk.)
020 _a9780137144396 (pbk.)
082 _222
_a658.562
_bBES
100 1 _aBesterfield, Dale H.
_911588
245 _aQuality Control /
_cDale H. Besterfield.
250 _a8th ed.
260 _aEnglewood Cliffs, N.J. :
_bPearson Prentice Hall, 2009
_cc2009.
300 _aix, 540 p. ;
_bill.;
_c24 cm. +
_e1 CD-ROM (4 3/4 in.)
500 _aIncludes Index.
504 _aIncludes bibliographical references and index.
650 _aQuality control.
_911589
653 _bBus
942 _cBB
_2ddc
999 _c13438
_d13438